00545nam a2200169Ia 4500008004100000041000800041082001800049100001500067245005000082260004700132300000800179365001100187650003600198942001200234999001900246952011000265140306s9999 xx 000 0 und d aeng a338.9bSIN/ST aSinha, R K aStudies in Indian planning andeconomic policy aNew DelhibDeep and Deep Publicationc1984 a472 bRs.225 aEconomic planning - development 2ddccBK c180315d180315 00102ddc4070aKAUCBVbKAUCBVd2004-06-02g225.00l0o338.9 SIN/STr2014-03-22 00:00:00w2014-03-22yBK